000 00672nam a22001937a 4500
999 _c164376
_d164376
005 20190517111756.0
010 _aA-702042
020 _a8170419069
_c00.00
035 _aA-702042
037 _bDBD/PUB
082 _a640.3
100 _aEncyclopaedia of home science
245 _aEncyclopaedia of home science/
_ced. by S.R Sharma [and] vijay kaushik
260 _aNew Delhi
_bAnmol publications
_c1994
270 _a4374/4B, ansari road Daryaganj,
_bNew Delhi
_e110002
300 _av,261p.
_c21cm.(Hbk)
942 _2ddc
_cEN
_e1994
_h640.3
_mEMC